200 Suburbs in Stockholm - Statistics

General Stats
  • This quiz has been taken 24 times
  • The average score is 29 of 200
Answer Stats
Suburb % Correct
Farsta
68%
Enskede
63%
Solna
58%
Bromma
53%
Fruängen
53%
Sundbyberg
53%
Täby
53%
Hagsätra
47%
Liljeholmen
47%
Tensta
47%
Älvsjö
42%
Danderyd
42%
Hägersten
42%
Hässelby
42%
Saltsjöbaden
42%
Skärholmen
42%
Sollentuna
42%
Alby
37%
Bagarmossen
37%
Fittja
37%
Gubbängen
37%
Högdalen
37%
Hökarängen
37%
Kista
37%
Rågsved
37%
Rinkeby
37%
Sickla
37%
Tyresö
37%
Vällingby
37%
Akalla
32%
Bandhagen
32%
Barkarby
32%
Gustavsberg
32%
Hallonbergen
32%
Hammarby Sjöstad
32%
Hjulsta
32%
Husby
32%
Spånga
32%
Stureby
32%
Tallkrogen
32%
Tumba
32%
Alvik
26%
Årstaberg
26%
Aspudden
26%
Björkhagen
26%
Flemingsberg
26%
Gröndal
26%
Hallunda
26%
Kärrtorp
26%
Mälarhöjden
26%
Nockeby
26%
Norsborg
26%
Örnsberg
26%
Rönninge
26%
Skogås
26%
Svedmyra
26%
Trångsund
26%
Tullinge
26%
Västertorp
26%
Axelsberg
21%
Djursholm
21%
Fisksätra
21%
Huvudsta
21%
Jakobsberg
21%
Kungsängen
21%
Masmo
21%
Rissne
21%
Salem
21%
Sätra
21%
Solsidan
21%
Västerhaninge
21%
Älta
16%
Bergshamra
16%
Blackeberg
16%
Blåsut
16%
Helenelund
16%
Järfälla
16%
Mörby
16%
Sandsborg
16%
Segeltorp
16%
Skärmarbrink
16%
Vallentuna
16%
Boo
11%
Edsberg
11%
Hemmesta
11%
Henriksdal
11%
Johannelund
11%
Jordbro
11%
Orminge
11%
Råcksta
11%
Råsunda
11%
Stuvsta
11%
Tungelsta
11%
Västberga
11%
Vega
11%
Åkeshov
5%
Årsta Havsbad
5%
Björknäs
5%
Bollmora
5%
Botkyrka
5%
Brandbergen
5%
Brunn
5%
Dalarö
5%
Fagersjö
5%
Fullersta
5%
Herrängen
5%
Ingarö
5%
Jarlaberg
5%
Johannesfred
5%
Kungshamra
5%
Länna
5%
Mariehäll
5%
Nedersta
5%
Örby
5%
Pungpinan
5%
Saltsjö-Duvnäs
5%
Sjöberg
5%
Snättringe
5%
Trollbäcken
5%
Vendelsö
5%
Viksjö
5%
Vinsta
5%
Ågesta
0%
Alphyddan
0%
Älvsby
0%
Ärvinge
0%
Bagartorp
0%
Barnvik
0%
Betsede
0%
Broängen
0%
Danviken
0%
Ekängen
0%
Eknäs
0%
Enebyberg
0%
Fagerdala
0%
Gebers
0%
Gladö kvarn
0%
Grisslinge
0%
Gudö
0%
Gustavsvik
0%
Hanskroka
0%
Hanviken
0%
Hästhagen
0%
Hemfosa
0%
Herrviksnäs
0%
Hörningsnäs
0%
Idalen
0%
Järva krog
0%
Kälvesta
0%
Kolarängen
0%
Kolvik
0%
Krusboda
0%
Kvarnholmen
0%
Landsnora
0%
Långvik
0%
Lännersta
0%
Lindalen
0%
Löjviken
0%
Mårtensberg
0%
Mörtnäs
0%
Nälsta
0%
Neglinge
0%
Nödesta
0%
Norra Evlinge
0%
Norra Lagnö
0%
Norrby
0%
Nyfors
0%
Nykvarn
0%
Österhaninge
0%
Östra Ekedal
0%
Räknäs
0%
Raksta
0%
Ramsdalen
0%
Silverdal
0%
Sjöängen
0%
Sjödalen
0%
Skärmarö
0%
Skeppsdalsström
0%
Sköndal
0%
Skönstaholm
0%
Skräcklinge
0%
Söderby
0%
Södra Evlinge
0%
Solberga
0%
Solhem
0%
Stavsnäs
0%
Stocksund
0%
Stortorp
0%
Svartbäcken
0%
Torpa
0%
Torsby
0%
Väländan
0%
Vårsta
0%
Västra Ekedal
0%
Veddesta
0%
Vidja
0%
Vikdalen
0%
Vistaberg
0%
No matching quizzes found
Score Distribution
Percent of People with Each Score
Percentile by Number Answered
Your Score History
You have not taken this quiz